000 00748nam a2200205Ia 4500
005 20250103123328.0
008 008 250103s9999 xx 000 0 hin d
020 _a978-81-267-1957-0
037 _aTB
040 _aCRL
_bhin
_cCRL
041 _ahin
_2hin
084 _aNW44wN24 152Q0
_qCRL
100 _aचौकसे, जयप्रकाश, ले.
245 0 _aराजकपूर: सृजन प्रक्रिया
_cचौकसे, जयप्रकाश, ले.
260 _aनई दिल्ली, भारत
_bराजकमल प्रकाशन
_c2010
300 _a167पृ0
650 _aललित कला
_9156314
942 _cTB
_hNW44wN24 152Q0
999 _c1234391
_d1234391